Angelo

I tiakina i:
Ngā taipitopito rārangi puna kōrero
Kaituhi matua: Bellezza Dario
Hōputu: Pukapuka
Reo:Undetermined
I whakaputaina: Milano Garzanti 1979
Ngā Tūtohu: Tāpirihia he Tūtohu
Kāore He Tūtohu, Me noho koe te mea tuatahi ki te tūtohu i tēnei pūkete!

MARC

LEADER 00000nam a2200000Ia 4500
001 111
003 NUMERAZIONE-ORIGINALE-BRESCIA
005 20260206230748.0
008 260206s9999 xx 000 0 und d
100 |a Bellezza Dario 
245 0 |a Angelo 
260 |a Milano 
260 |b Garzanti 
260 |c 1979 
500 |a Nuova narrativa Garzanti 
942 |2 ddc  |c BK  |n 0 
952 |0 0  |1 0  |2 ddc  |4 0  |6 12  |7 0  |9 28299  |a BS  |b BS  |d 2026-02-06  |i 111  |l 0  |o 1-2-*  |r 2026-02-06 22:40:32  |w 2026-02-06  |x [REVISIONARE]  |y BK 
999 |c 23993  |d 23993